| 000 | 00708am a2200253a 44500 | ||
|---|---|---|---|
| 003 | AR-BaBNM | ||
| 005 | 20251128211135.0 | ||
| 008 | 162120s1980 #AR|||||||||||000 | esp|| | ||
| 040 | _cAR-BaBNM | ||
| 100 | 1 | _aSierra, Vicente D. | |
| 245 | 1 | 0 | _aEl sentido misional de la conquista de América |
| 260 |
_aBuenos Aires _bDictio _c1980 |
||
| 300 | _a570 p. | ||
| 650 | 4 | _aHISTORIA LATINOAMERICANA | |
| 650 | 4 | _aHISTORIA DE LAS RELIGIONES | |
| 650 | 4 | _aMISIONES RELIGIOSAS | |
| 650 | 4 | _aCOLONIZACION DEL RIO DE LA PLATA | |
| 650 | 4 | _aMISIONES JESUITICAS | |
| 650 | 4 | _aHISTORIA CULTURAL | |
| 653 | _aEVANGELIZACION | ||
| 700 | 1 |
_aIbarguren, Carlos _eprologuista |
|
| 942 | _cBK | ||
| 998 | _cmariana | ||
| 999 |
_c18418 _d18418 |
||